| 000 | 00758nam a2200217 4500 | ||
|---|---|---|---|
| 003 | LK-CoMWRAF | ||
| 005 | 20230828185821.0 | ||
| 008 | 230828b2004 |||||||| |||| 00| 0 eng d | ||
| 020 | _a9068328476 | ||
| 040 |
_aLK-CoMWRAF _dLK-CoMWRAF _eLK-CoMWRAF |
||
| 041 | _aeng | ||
| 082 |
_a643.86 _bFAI |
||
| 245 |
_aFaith-based organisations and HIV/AIDS prevention and impact mitigation in Africa : _ba desk review by Georges Tiendrebeogo and Michael Buykx. |
||
| 260 |
_aNetherland : _bRoyal Tropical Institute, _c2004 |
||
| 300 | _a63p | ||
| 490 | _aDecentralisation and local governance : Bulletin, 361 | ||
| 650 | _aAIDS (Disease) - Africa | ||
| 650 | _aReligious aspects - Christianity | ||
| 650 | _aHIV infections - Africa - Prevention | ||
| 942 | _cBK | ||
| 999 |
_c3295 _d3295 |
||